| Tag |
First Indicator |
Second Indicator |
Subfields |
| LEADER |
00000cam a2200000 a 4500 |
| 001 |
in00002774607 |
| 005 |
20211120165835.0 |
| 006 |
m d f |
| 007 |
cr un||||||||| |
| 008 |
110930s1974 dcu ob f000 0 eng c |
| 035 |
|
|
|a (OCoLC)ocn755137180
|
| 040 |
|
|
|a OCLCE
|b eng
|c OCLCE
|d EYR
|d GPO
|d MvI
|d UtOrBLW
|
| 049 |
|
|
|a WWW
|
| 074 |
|
|
|a 0003 (online)
|
| 086 |
0 |
|
|a A 1.76:469
|
| 100 |
1 |
|
|a Hawksworth, Frank G.,
|d 1926-
|
| 245 |
1 |
0 |
|a Mistletoes on introduced trees of the world /
|c by Frank G. Hawksworth.
|
| 264 |
|
1 |
|a [Washington, D.C.] :
|b Forest Service, U.S. Dept. of Agriculture,
|c 1974.
|
| 300 |
|
|
|a 1 online resource (49 pages).
|
| 336 |
|
|
|a text
|b txt
|2 rdacontent
|
| 337 |
|
|
|a computer
|b c
|2 rdamedia
|
| 338 |
|
|
|a online resource
|b cr
|2 rdacarrier
|
| 490 |
1 |
|
|a Agriculture handbook ; no. 469
|
| 500 |
|
|
|a Title from title screen (viewed on Aug. 27, 2012).
|
| 504 |
|
|
|a Includes bibliographical references (pages 40-49).
|
| 500 |
|
|
|a Electronic resource.
|
| 650 |
|
0 |
|a Mistletoes
|x Host plants.
|
| 650 |
|
0 |
|a Trees
|x Diseases and pests.
|
| 650 |
|
0 |
|a Tree introduction.
|
| 710 |
1 |
|
|a United States.
|b Forest Service.
|
| 776 |
0 |
8 |
|i Print version:
|a Hawksworth, Frank G., 1926-
|t Mistletoes on introduced trees of the world
|w (DLC) 74600182
|w (OCoLC)1189771
|
| 830 |
|
0 |
|a Agriculture handbook (United States. Department of Agriculture) ;
|v no. 469.
|
| 856 |
4 |
0 |
|u https://purl.fdlp.gov/GPO/gpo27155
|t 0
|
| 999 |
|
|
|a MARS
|
| 999 |
f |
f |
|s 9f435708-e260-33d0-a665-bfc7d287c24e
|i e7e1986d-6522-36e6-a4ff-dc386e551a08
|t 0
|
| 952 |
f |
f |
|a Texas A&M University
|b College Station
|c Electronic Resources
|d Available Online
|t 0
|e A 1.76:469
|h Superintendent of Documents classification
|
| 998 |
f |
f |
|a A 1.76:469
|t 0
|l Available Online
|